000 00410nam a2200181Ia 4500
001 13122
005 20260306163030.0
008 260306t2013||||xx |||||||||||||| ||spa||
041 _aESP
082 _aRM 353.9
_b2013 S35
100 _aSEDAPAR
_eAUT
245 0 _aMemoria anual 2013
260 _c2013
300 _a80 páginas :
_c28 cm.
650 _aGEN
654 _aCHU
942 _cLIB
_dJUS
_fJUS
_2ddc
_n
999 _c13122
_d13122